Koleksi puisi untuk kanak-kanak / (Record no. 82519)

MARC details
000 -LEADER
fixed length control field 00684nam a2200241 i 4500
001 - CONTROL NUMBER
control field C2-0274789
003 - CONTROL NUMBER IDENTIFIER
control field PPAK
005 - DATE AND TIME OF LATEST TRANSACTION
control field 20210609093341.0
008 - FIXED-LENGTH DATA ELEMENTS--GENERAL INFORMATION
fixed length control field 061004s2006 my a j | 0 p may d
020 ## - INTERNATIONAL STANDARD BOOK NUMBER
International Standard Book Number 9833357954
Qualifying information paperback
040 ## - CATALOGING SOURCE
Original cataloging agency PPAK
Language of cataloging eng
Transcribing agency PPAK
Description conventions rda
082 04 - DEWEY DECIMAL CLASSIFICATION NUMBER
Classification number 899.231
Edition number 23
090 00 - LOCALLY ASSIGNED LC-TYPE CALL NUMBER (OCLC); LOCAL CALL NUMBER (RLIN)
Classification number (OCLC) (R) ; Classification number, CALL (RLIN) (NR) 899.231
Feature heading ISM
Feature heading K
100 0# - MAIN ENTRY--PERSONAL NAME
Personal name Ismail Restu,
Relator term author.
245 10 - TITLE STATEMENT
Title Koleksi puisi untuk kanak-kanak /
Statement of responsibility, etc. Ismail Restu
264 #1 - PRODUCTION, PUBLICATION, DISTRIBUTION, MANUFACTURE, AND COPYRIGHT NOTICE
Place of production, publication, distribution, manufacture Batu Caves, Selangor :
Name of producer, publisher, distributor, manufacturer PTS One,
Date of production, publication, distribution, manufacture, or copyright notice 2006
300 ## - PHYSICAL DESCRIPTION
Extent 138 pages :
Other physical details illustrations ;
Dimensions 26 cm
336 ## - CONTENT TYPE
Source rdacontent
Content type term text
337 ## - MEDIA TYPE
Source rdamedia
Media type term unmediated
338 ## - CARRIER TYPE
Source rdacarrier
Carrier type term volume
650 10 - SUBJECT ADDED ENTRY--TOPICAL TERM
Topical term or geographic name entry element Malay poetry.
942 ## - ADDED ENTRY ELEMENTS (KOHA)
Koha item type Book
Source of classification or shelving scheme Dewey Decimal Classification
Holdings
Withdrawn Not for loan Current library Shelving location Date acquired Total Checkouts Full call number Barcode Date last seen Date last checked out Koha item type Total Renewals
    Perpustakaan Alor Setar Pinjaman Kanak-kanak 20/03/2007 1 K 899.231 ISM A01149741 19/10/2019 28/09/2019 Book  
    Perpustakaan Alor Setar Pinjaman Kanak-kanak 02/12/2007 3 K 899.231 ISM A01138269 26/10/2022 12/10/2022 Book 3
    Perpustakaan Awam Sungai Petani Pinjaman Kanak-kanak 20/03/2007 5 K 899.231 ISM A01149742 10/05/2025 27/07/2024 Book 1
    Perpustakaan Awam Sungai Petani Pinjaman Kanak-kanak 02/12/2007 3 K 899.231 ISM A01138270 15/07/2023 28/06/2023 Book  
    Perpustakaan Baling Pinjaman Kanak-kanak 20/03/2007   K 899.231 ISM A01149748 09/05/2018   Book  
    Perpustakaan Baling Pinjaman Kanak-kanak 20/03/2007   K 899.231 ISM A01149751 09/05/2018   Book  
    Perpustakaan Bandar Baharu Pinjaman Kanak-kanak 20/03/2007   K 899.231 ISM A01149749 09/05/2018   Book  
    Perpustakaan Jitra Pinjaman Kanak-kanak 20/03/2007 2 K 899.231 ISM A01149743 27/09/2025 13/08/2025 Book 1
    Perpustakaan Kuala Nerang Pinjaman Kanak-kanak 20/03/2007 2 K 899.231 ISM A01149750 27/06/2023 14/05/2023 Book 1
    Perpustakaan Kulim Pinjaman Kanak-kanak 20/03/2007   K 899.231 ISM A01149745 09/05/2018   Book  
    Perpustakaan Langkawi Pinjaman Kanak-kanak 20/03/2007   K 899.231 ISM A01149744 09/05/2018   Book  
    Perpustakaan Yan Pinjaman Kanak-kanak 20/03/2007   K 899.231 ISM A01149746 09/05/2018   Book  
    PD33, Kg. Belau, Merbok Pinjaman Kanak-kanak 17/11/2009   K 899.231 ISM A01317885 09/05/2018   Book